000 01661nam0a2200397 4500
001 RU\NLR\BIBL_A\022326013
005 20260420014656.0
010 _a978-5-6050922-1-6
_91000
021 _aRU
_bКН-П-24-045378
_9КН-П-24-4517
035 _a(NLR Aleph) 022326013
090 _a13665240
_c13665240
100 _a20240918d2024 u y0rusy50 ca
101 1 _arus
_aeng
_ceng
102 _aRU
105 _aac z 000gy
181 0 _ai3
_baxxe
181 0 _ab2
_bxb2e
182 0 _an
200 1 _aСонеты
_eс параллельным переводом
_fУильям Шекспир
_gперевод [с английского]: Людмила Куликова
_gиллюстрации художника Лины Гынкул
203 _aТекст
_aИзображение
_bвизуальные
_cнепосредственные
210 _aПятигорск
_cСнег
_d2024
215 _a207 с.
_cцв. ил., портр.
_d20
333 _a16+
686 1 _aШ6(4Вл)43-5{Лх1293-175}
686 1 _aШ6(4Вл)437-5{Лх1293-175}
686 2 _aШ6(2=Р)8-57Куликова
700 1 _7ca
_8rus
_aШекспир
_bУ.
_f1564-1616
_gУильям
_9112012
_3RU\NLR\AUTH\771995
702 1 _aКуликова
_bЛ. В.
_cискусствовед, переводчик
_gЛюдмила Васильевна
_3RU\NLR\AUTH\770273760
_4730
702 1 _aГынкул
_bЛ. Л.
_gЛина Л.
_4040
942 _cBOOK
980 _aNB